Datum a čas kvízu

32.5 Celkem bodů Celkový počet nahraných bodů na tomto kvízu bez doplňovacích otázek.
7. Pořadí na kvízu Konečné umístění týmu na tomto kvízu.

Zaznamenané odpovědi

# Otázka Odpověď Body Výsledky
1. Jak se jmenoval písničkář, kte... David Stypka 1
2. Americký prezident Donald Trum... golfová hůl 1
3. Nebyl by to ten správný Hallow... Medusu/Gorgonu 1
4. Která automobilka představila... Mazda 0
5. Který český hokejista podepsal... Martin Nečas 1
6. Ačkoliv je čas večeře, věnujem... fazole; rajčata 1
7. Od slané ke sladké snídani. V... javorový sirup 1
8. „Snídaně v trávě“ není název: D 0
9. Když vyrazíme od Mumlavského v... Krakonošova snídaně 1
10. Mnozí z nás si snídani bez káv... třešně 0